| 000 | 01307cam a2200301Ia 4500 | ||
|---|---|---|---|
| 001 | 29587 | ||
| 003 | (BD-RjUL | ||
| 005 | 20211209051430.0 | ||
| 008 | 140406r19511931uk b 001 0aen1 d | ||
| 035 | _a(BD-RjUL)29672 | ||
| 040 |
_aTEF _cTEF _dBD-RjUL _beng |
||
| 041 | _aeng | ||
| 082 |
_bFRA 1951 _a973.3 |
||
| 100 | 1 |
_aFranklin, Benjamin, _d1706-1790. _990162 |
|
| 245 | 1 | 4 |
_aThe autobiography of Benjamin Franklin / _cwith illustrations by Kleber Hall. |
| 260 |
_aBoston _bNew York, Houghton Mifflin Co., _c1923 [Reprinted 1951] |
||
| 300 |
_axxiv, p., l., 286 p. _c22 cm. _bcol. front., illus., col. plates |
||
| 490 | _aRiverside bookshelf . | ||
| 500 | _a Online version: Franklin, Benjamin, 1706-1790. Autobiography of Benjamin Franklin. Boston, New York, Houghton Mifflin Co., 1923 (OCoLC)575189523 Online version: Franklin, Benjamin, 1706-1790. Autobiography of Benjamin Franklin. Boston, New York, Houghton Mifflin Co., 1923 | ||
| 500 | _aOriginally published: 1964. | ||
| 504 | _aIncludes bibliographical references (p. 323-325) and index. | ||
| 600 | 1 | 0 |
_aFranklin, Benjamin, _d1706-1790. _990169 |
| 650 | 0 |
_a Franklin, Benjamin, -- 1706-1790 _zUnited States _vBiography. _990164 |
|
| 942 |
_2ddc _cBK |
||
| 999 |
_c29587 _d29587 |
||